Pokémon que empiezan por la letra E - Estadísticas

Estadísticas generales
  • Esta prueba ha sido intentada 19 veces
  • La puntuación promedio es 19 de 27
Estadísticas de respuestas
Gen. Tipo Nombre % Correcto
I Veneno Ekans
100%
I Eléctrico Electabuzz
100%
II Eléctrico Elekid
100%
IV Eléctrico Electivire
92%
I Eléctrico Electrode
92%
IV Agua/Acero Empoleon
92%
II Psíquico Espeon
92%
I Normal Eevee
83%
V Fuego/Lucha Emboar
83%
V Eléctrico/Volador Emolga
83%
I Planta/Psíquico Exeggcute
83%
I Planta/Psíquico Exeggutor
83%
V Eléctrico Eelektrik
67%
V Eléctrico Eelektross
67%
III Eléctrico Electrike
67%
II Fuego Entei
67%
V Tierra/Acero Excadrill
67%
V Psíquico Elgyem
58%
VIII Veneno/Dragon Eternatus
58%
VIII Planta Eldegoss
50%
IX Eléctrico/Dragon Electrofuria
50%
VI Psíquico Espurr
50%
VIII Hielo Eiscue
42%
VIII Hada/Volador Enamorus
42%
V Bicho/Acero Escavalier
42%
IX Psíquico Espathra
33%
III Normal Exploud
33%
No se encontraron pruebas coincidentes
Distribución de puntuación
Porcentaje de gente con cada puntuación
Porcentaje por número respondido
Historial de tus puntuaciones
No has intentado esta prueba.